000 02800am aa2200361i 44500
003 PE-LiUPU
005 20251016153227.0
008 0205s2002 mx a rb 000 0 spa d
020 _a9683811078
035 _aPE-LiUPU000020
040 _aPE-LiUPU
_bspa
_cPE-LiUPU
_erda
082 0 4 _a658.312404
_223
_bR467e
100 _aReza Trosino, Jesús Carlos,
_eautor.
_97210
245 1 0 _aEl ABC del instructor 2 :
_by también del facilitador de procesos de grupos, comunitarios, educativos, de formación profesional y aprendizaje efectivo : para el 3er milenio /
_cpor Jesús Carlos Reza Trosino.
250 _a1ª edición.
264 1 _aMéxico, D.F. :
_bPanorama Editorial,
_c2002.
300 _a212 páginas :
_bilustraciones ;
_c23 cm.
336 _atexto
_btxt
_2rdacontent
337 _asin mediación
_bn
_2rdamedia
338 _avolumen
_bnc
_2rdacarrier
500 _aIncluye ejercicios, metodologías participativas y referencias bibliográficas.
504 _aIncluye bibliografía al final.
505 0 _aIntroducción -- Aceptación -- Outdoor training (afuera de la puerta) -- El facilitador líder o el líder facilitador -- Acerca de la motivación -- Paradigmas de la facilitación de procesos de aprendizaje -- Acerca de la quinta disciplina -- Más sobre la quinta disciplina de Peter Senge -- El enfoque de sistemas aplicado a la administración del aprendizaje -- Perfil de las organizaciones que aprenden -- Plan de desarrollo humano y organizacional -- Competencias laborales -- Formación de facilitadores -- Administración de aprendizaje efectivo (AAEO) -- Evaluación del aprendizaje organizacional (EVAO) -- Elementos básicos de los grupos T -- Fundamentos del aprendizaje -- Decálogo de sinergia grupal -- Análisis de casos -- Ejercicios grupales (integración, comunicación, tormentas de ideas, roles, dinámicas) -- Estilos de comunicación -- Realidad y percepción -- Esperanza fallida -- Programa fundamentos de administración (FUA).
520 _aManual práctico dirigido a instructores, facilitadores, docentes y formadores de grupos de aprendizaje. Presenta metodologías participativas, dinámicas grupales, herramientas de evaluación y estrategias para la gestión del aprendizaje en organizaciones y contextos educativos.
650 1 4 _aInstructores
_xFormación profesional.
_97211
650 2 4 _aEducación de adultos
_xMétodos de enseñanza.
_97212
650 2 4 _aAprendizaje activo
_xTécnicas de grupo.
_97213
710 _aPanorama Editorial (México),
_eeditor.
_97216
856 4 0 _uhttps://www.panoramaed.com.mx
_zSitio web de la editorial.
942 _2ddc
_cBK
980 _621515
_aROMINA COBOS Adquisiciones
_818226
_gJaime Vilcazán Jefe de Análisis Documental
999 _c63113
_d63112